[Event "FIN-ch op"]
[Site "Naantali"]
[Date "2019.07.03"]
[Round "6"]
[White "Sipila, Vilka"]
[Black "Norri, Roger"]
[Result "1-0"]
[WhiteElo "2410"]
[BlackElo "1908"]
[PlyCount "79"]
[EventDate "2019.06.29"]
[EventType "swiss"]
[EventRounds "9"]
[EventCountry "FIN"]
[SourceTitle "CBM 192 Extra"]
[Source "Chessbase"]
[SourceDate "2019.11.06"]
[SourceVersion "1"]
[SourceVersionDate "2019.11.06"]
[SourceQuality "1"]

1. e4 c5 2. Nf3 Nc6 3. d4 cxd4 4. Nxd4 Nf6 5. Nc3 e5 6. Ndb5 d6 7. Nd5 Nxd5 8. exd5 Nb8 9. a4 Be7 10. Be2 0-0 11. 0-0 f5 12. f4 a6 13. Na3 Nd7 14. Nc4 e4 15. a5 b5 16. axb6 Nxb6 17. Na5 Qc7 18. Be3 Bf6 19. c4 Nd7 20. Bd4 Rb8 21. Nc6 Bxd4+ 22. Qxd4 Qb6 23. Qxb6 Rxb6 24. Rfb1 Nf6 25. b4 Bd7 26. Nd4 Rfb8 27. Nc2 e3 28. Rb3 Re8 29. Rba3 Bc8 30. Rb1 Re4 31. g3 Ng4 32. h3 Nf6 33. Kg2 h6 34. Rxe3 a5 35. b5 Rxe3 36. Nxe3 Ne4 37. Ra1 a4 38. Rxa4 Nc3 39. Ra8 Nxe2 40. Rxc8+ 1-0

[Event "Turku We TuTS A"]
[Site "Turku"]
[Date "2017.12.09"]
[Round "2"]
[White "Norri, Roger"]
[Black "Laine, Arto"]
[Result "1-0"]
[WhiteElo "1910"]
[BlackElo "1617"]
[PlyCount "45"]
[EventDate "2017.12.08"]
[EventType "swiss"]
[EventRounds "5"]
[EventCountry "FIN"]
[SourceTitle "EXT 2022"]
[Source "ChessBase"]
[SourceDate "2021.10.06"]
[SourceVersion "1"]
[SourceVersionDate "2021.10.06"]
[SourceQuality "1"]

1. e4 e5 2. Nf3 d6 3. d4 exd4 4. Nxd4 Nf6 5. Nc3 Be7 6. Be2 Nc6 7. Nxc6 bxc6 8. 0-0 0-0 9. Qd3 a5 10. Qg3 Kh8 11. Bf4 Ba6 12. e5 Bxe2 13. exf6 Bxf6 14. Nxe2 Bxb2 15. Rab1 Bf6 16. Qf3 Qd7 17. Ng3 g6 18. Bh6 Bg7 19. Bxg7+ Kxg7 20. Qc3+ Kg8 21. Ne4 f5 22. Nf6+ Rxf6 23. Qxf6 1-0

[Event "Naantali Avoin op"]
[Site "Naantali"]
[Date "2017.07.06"]
[Round "6"]
[White "Maki Uuro, Miika"]
[Black "Norri, Roger"]
[Result "1/2-1/2"]
[WhiteElo "2344"]
[BlackElo "1874"]
[PlyCount "71"]
[EventDate "2017.07.03"]
[EventType "swiss"]
[EventRounds "7"]
[EventCountry "FIN"]
[SourceTitle "EXT 2018"]
[Source "ChessBase"]
[SourceDate "2017.10.13"]
[SourceVersion "1"]
[SourceVersionDate "2017.10.13"]
[SourceQuality "1"]

1. d4 d5 2. c4 c6 3. Nf3 Nf6 4. Nc3 a6 5. Qc2 Bg4 6. Ne5 e6 7. Nxg4 Nxg4 8. h3 Nf6 9. e3 Nbd7 10. Be2 b5 11. b3 Nb6 12. 0-0 Be7 13. Rd1 0-0 14. Bb2 Qc7 15. Rac1 Rac8 16. c5 Nbd7 17. f4 Ne8 18. Bd3 f5 19. Kh1 g6 20. g4 Ng7 21. Rg1 Kf7 22. Rg2 Nf6 23. Rcg1 Rg8 24. Nb1 Ne4 25. Nd2 Nxd2 26. Qxd2 Bh4 27. Bc3 Qd7 28. Ba5 Bd8 29. Bxd8 Rcxd8 30. Qe1 Qe7 31. Kh2 Ra8 32. a3 Ke8 33. Be2 Kd7 34. g5 Ne8 35. Rh1 Nc7 36. h4 1/2-1/2

[Event "Turku TuTS Weekend A"]
[Site "Turku"]
[Date "2014.11.30"]
[Round "4"]
[White "Norri, Roger"]
[Black "Tocklin, Tomi"]
[Result "1/2-1/2"]
[WhiteElo "1898"]
[BlackElo "1857"]
[PlyCount "51"]
[EventDate "2014.11.28"]
[EventType "swiss"]
[EventRounds "5"]
[EventCountry "FIN"]
[SourceTitle "EXT 2022"]
[Source "ChessBase"]
[SourceDate "2021.10.06"]
[SourceVersion "1"]
[SourceVersionDate "2021.10.06"]
[SourceQuality "1"]

1. d4 Nf6 2. c4 c5 3. d5 b5 4. cxb5 a6 5. bxa6 Bxa6 6. Nc3 d6 7. e4 Bxf1 8. Kxf1 g6 9. g3 Bg7 10. Kg2 0-0 11. Nf3 Nbd7 12. Bd2 Qa5 13. Qc2 Rfb8 14. Rhe1 Ng4 15. Rab1 Nge5 16. Nxe5 Nxe5 17. b3 Qa6 18. Re3 Ng4 19. Ree1 Ne5 20. a4 Qd3 21. Qxd3 Nxd3 22. Re3 Bxc3 23. Rxd3 Bxd2 24. Rxd2 Rb4 25. Kf3 c4 26. Rdb2 1/2-1/2

[Event "Naantali op"]
[Site "Naantali"]
[Date "2014.07.04"]
[Round "7"]
[White "Norri, Roger"]
[Black "Tocklin, Tomi"]
[Result "1/2-1/2"]
[WhiteElo "1903"]
[BlackElo "1882"]
[PlyCount "38"]
[EventDate "2014.06.30"]
[EventType "swiss"]
[EventRounds "9"]
[EventCountry "FIN"]
[SourceTitle "CBM 161 Extra"]
[Source "ChessBase"]
[SourceDate "2014.08.29"]
[SourceVersion "1"]
[SourceVersionDate "2014.08.29"]
[SourceQuality "1"]

1. d4 Nf6 2. c4 c5 3. d5 b5 4. cxb5 a6 5. bxa6 Bxa6 6. Nc3 d6 7. e4 Bxf1 8. Kxf1 Nbd7 9. Nf3 g6 10. g3 Bg7 11. Kg2 0-0 12. Bf4 Ra6 13. a4 Qb6 14. Qc2 Rb8 15. Nb5 Ne8 16. Bd2 Nc7 17. Nxc7 Qxc7 18. Bc3 Bxc3 19. bxc3 Rba8 1/2-1/2

[Event "FIN-ch op"]
[Site "Naantali"]
[Date "2013.07.07"]
[Round "9.10"]
[White "Norri, Roger"]
[Black "Demidov, Jan"]
[Result "1/2-1/2"]
[WhiteElo "1896"]
[BlackElo "1913"]
[PlyCount "87"]
[EventDate "2013.07.01"]
[EventType "swiss"]
[EventRounds "9"]
[EventCountry "FIN"]
[SourceTitle "EXT 2022"]
[Source "ChessBase"]
[SourceDate "2021.10.06"]
[SourceVersion "1"]
[SourceVersionDate "2021.10.06"]
[SourceQuality "1"]

1. e4 e5 2. Nf3 Nc6 3. d4 exd4 4. Nxd4 Nf6 5. Nc3 Bb4 6. Nxc6 bxc6 7. Bd3 0-0 8. 0-0 d5 9. exd5 cxd5 10. Bg5 Be6 11. Qf3 Be7 12. Rfe1 c5 13. Bf5 Qd7 14. Bxe6 fxe6 15. Qe2 Kf7 16. Rad1 Qc6 17. b3 Rae8 18. Qb5 Rc8 19. Bf4 a6 20. Qe2 Rfe8 21. Bg3 Bd6 22. Qf3 Bxg3 23. Qxg3 Qc7 24. f4 g6 25. Qf3 c4 26. Ne2 cxb3 27. cxb3 Qb6+ 28. Nd4 Ne4 29. Re3 Rc7 30. Red3 Rec8 31. Kf1 Qa5 32. Qh3 Qb6 33. Qxh7+ Kf6 34. Qh4+ Kg7 35. Qg4 Kf7 36. Qf3 Rc2 37. Nxc2 Rxc2 38. Qe3 Qa5 39. a4 Qb4 40. Rd4 Qa3 41. R4d3 Qa2 42. Qa7+ Kg8 43. Qb8+ Kg7 44. Qa7+ 1/2-1/2

[Event "FIN-ch op"]
[Site "Naantali"]
[Date "2013.07.04"]
[Round "6"]
[White "Norri, Roger"]
[Black "Ailasmaa, Kimmo"]
[Result "1/2-1/2"]
[WhiteElo "1896"]
[BlackElo "1797"]
[PlyCount "40"]
[EventDate "2013.07.01"]
[EventType "swiss"]
[EventRounds "9"]
[EventCountry "FIN"]
[SourceTitle "EXT 2014"]
[Source "ChessBase"]
[SourceDate "2013.11.20"]
[SourceVersion "1"]
[SourceVersionDate "2013.11.20"]
[SourceQuality "1"]

1. e4 c5 2. Nf3 d6 3. d4 cxd4 4. Nxd4 Nf6 5. Nc3 a6 6. Be3 e6 7. Be2 Qc7 8. 0-0 b5 9. a3 Bb7 10. Qd3 Be7 11. f4 Nbd7 12. Nb3 0-0 13. g4 Nc5 14. Nxc5 dxc5 15. Bf3 c4 16. Qe2 Bc5 17. Rad1 Rfd8 18. e5 Bxf3 19. Qxf3 Bxe3+ 20. Kh1 Nxg4 1/2-1/2

[Event "FIN-ch op"]
[Site "Naantali"]
[Date "2013.07.04"]
[Round "5"]
[White "Paulasto, Tuomo"]
[Black "Norri, Roger"]
[Result "1-0"]
[WhiteElo "1781"]
[BlackElo "1896"]
[PlyCount "39"]
[EventDate "2013.07.01"]
[EventType "swiss"]
[EventRounds "9"]
[EventCountry "FIN"]
[SourceTitle "EXT 2014"]
[Source "ChessBase"]
[SourceDate "2013.11.20"]
[SourceVersion "1"]
[SourceVersionDate "2013.11.20"]
[SourceQuality "1"]

1. e4 c5 2. Nf3 Nc6 3. d4 cxd4 4. Nxd4 Nf6 5. Nc3 e5 6. Ndb5 d6 7. Bg5 a6 8. Na3 b5 9. Bxf6 gxf6 10. Nd5 f5 11. c3 fxe4 12. Bxb5 axb5 13. Nxb5 Qg5 14. Nbc7+ Kd8 15. Nxa8 Qxg2 16. Rf1 Ba6 17. Ne3 Qxh2 18. Qa4 Bxf1 19. Nxf1 Ne7 20. Nxh2 1-0

[Event "FIN-ch op"]
[Site "Naantali"]
[Date "2013.07.02"]
[Round "3"]
[White "Haanila, Erkki"]
[Black "Norri, Roger"]
[Result "0-1"]
[WhiteElo "1948"]
[BlackElo "1896"]
[PlyCount "62"]
[EventDate "2013.07.01"]
[EventType "swiss"]
[EventRounds "9"]
[EventCountry "FIN"]
[SourceTitle "EXT 2014"]
[Source "ChessBase"]
[SourceDate "2013.11.20"]
[SourceVersion "1"]
[SourceVersionDate "2013.11.20"]
[SourceQuality "1"]

1. d4 d5 2. Nf3 Nf6 3. Bg5 Bf5 4. Nbd2 Nbd7 5. e3 e6 6. Ne5 h6 7. Bh4 Be7 8. Bg3 0-0 9. f3 c5 10. c3 Qb6 11. Nxd7 Nxd7 12. Qc1 Rac8 13. Nb3 Bd6 14. Bf2 a5 15. Qd2 a4 16. Nc1 cxd4 17. exd4 a3 18. b3 Rxc3 19. Nd3 Rxd3 20. Qxd3 Bxd3 21. Bxd3 Bb4+ 22. Ke2 Bc3 23. Rad1 Bb2 24. g4 Kh8 25. Bb1 Rc8 26. f4 Nf6 27. g5 Ne4 28. Bxe4 dxe4 29. gxh6 Qb5+ 30. Ke3 Rc3+ 31. Kd2 e3+ 0-1

[Event "FIN-ch op"]
[Site "Naantali"]
[Date "2013.07.02"]
[Round "2"]
[White "Norri, Roger"]
[Black "Rantamo, Keijo"]
[Result "1-0"]
[WhiteElo "1896"]
[BlackElo "1879"]
[PlyCount "101"]
[EventDate "2013.07.01"]
[EventType "swiss"]
[EventRounds "9"]
[EventCountry "FIN"]
[SourceTitle "EXT 2014"]
[Source "ChessBase"]
[SourceDate "2013.11.20"]
[SourceVersion "1"]
[SourceVersionDate "2013.11.20"]
[SourceQuality "1"]

1. e4 e6 2. d4 d5 3. e5 c5 4. c3 Nc6 5. Bb5 Bd7 6. Be3 Qb6 7. Bxc6 Bxc6 8. Qc2 cxd4 9. Bxd4 Bc5 10. Ne2 Ne7 11. Nd2 0-0 12. Nb3 Bxd4 13. Nbxd4 Rac8 14. h4 Rfd8 15. g4 Be8 16. f4 Nc6 17. Qd2 Rc7 18. h5 Qc5 19. g5 Nxd4 20. Qxd4 Bb5 21. Qxc5 Rxc5 22. Nd4 Bd3 23. Kd2 Be4 24. Rhd1 a6 25. Ke3 Kf8 26. Rac1 Rdc8 27. Ne2 h6 28. Ng3 Rc4 29. Rf1 Bh7 30. Rf2 d4+ 31. Kd2 dxc3+ 32. bxc3 Rd8+ 33. Ke2 hxg5 34. fxg5 Rg4 35. g6 Bxg6 36. hxg6 Rxg6 37. Ne4 Rd5 38. Rcf1 Rxe5 39. Rxf7+ Kg8 40. Rf8+ Kh7 41. Rh1+ Rh6 42. Rxh6+ Kxh6 43. Rh8+ Kg6 44. Kd3 Ra5 45. Rh2 Rd5+ 46. Ke3 Kf7 47. c4 Rd7 48. Nc5 Rc7 49. Kd4 Kf6 50. Rf2+ Ke7 51. Re2 1-0

[Event "FIN-ch op"]
[Site "Naantali"]
[Date "2013.07.01"]
[Round "1"]
[White "Kiik, Kalle"]
[Black "Norri, Roger"]
[Result "1-0"]
[WhiteElo "2446"]
[BlackElo "1896"]
[PlyCount "117"]
[EventDate "2013.07.01"]
[EventType "swiss"]
[EventRounds "9"]
[EventCountry "FIN"]
[SourceTitle "EXT 2014"]
[Source "ChessBase"]
[SourceDate "2013.11.20"]
[SourceVersion "1"]
[SourceVersionDate "2013.11.20"]
[SourceQuality "1"]

1. c4 c6 2. e4 d5 3. cxd5 cxd5 4. exd5 Qxd5 5. Nc3 Qd8 6. Nf3 Nc6 7. d4 e6 8. Bb5 Bd7 9. 0-0 a6 10. Ba4 Nf6 11. Re1 b5 12. Bb3 Be7 13. d5 exd5 14. Nxd5 Nxd5 15. Bxd5 0-0 16. Ne5 Nxe5 17. Bxa8 Qxa8 18. Rxe5 Be6 19. Bg5 Bxg5 20. Rxg5 Qd8 21. Rc5 Qxd1+ 22. Rxd1 Bxa2 23. Ra1 Rd8 24. h4 Bc4 25. Rxa6 g6 26. Rb6 Rd1+ 27. Kh2 Rd2 28. b3 Bxb3 29. Rcxb5 Be6 30. Rb2 Rd3 31. f3 Kg7 32. Kg3 Rd4 33. R6b4 Rd5 34. Kf4 Rd1 35. g4 Rh1 36. Kg3 Rg1+ 37. Rg2 Rd1 38. Re2 Rd3 39. Kf4 Rd1 40. Rb7 Bc4 41. Re4 Ba2 42. g5 Rd8 43. Ra7 Bb3 44. Ke3 Bc2 45. Ree7 Bb3 46. Rad7 Rc8 47. f4 Rf8 48. Kd4 Bc2 49. Ke5 Bd1 50. Rb7 Bc2 51. Rec7 Bf5 52. h5 Bg4 53. h6+ Kg8 54. Kf6 Be6 55. Rb6 Re8 56. Re7 Rc8 57. Reb7 Rc5 58. Rb8+ Bc8 59. Rd6 1-0

[Event "FIN-chT1 East 1213"]
[Site "Finland"]
[Date "2013.03.09"]
[Round "7.7"]
[White "Norri, Roger"]
[Black "Raki, Jyrki"]
[Result "1/2-1/2"]
[WhiteElo "1892"]
[BlackElo "1991"]
[PlyCount "38"]
[EventDate "2012.09.29"]
[EventType "team-tourn"]
[EventRounds "7"]
[EventCountry "FIN"]
[SourceTitle "EXT 2019"]
[Source "ChessBase"]
[SourceDate "2018.10.10"]
[SourceVersion "1"]
[SourceVersionDate "2018.10.10"]
[SourceQuality "1"]
[WhiteTeam "Turku TuTS II"]
[BlackTeam "Kotka KymS"]
[WhiteTeamCountry "FIN"]
[BlackTeamCountry "FIN"]

1. e4 c6 2. d4 d5 3. Nc3 dxe4 4. Nxe4 Bf5 5. Ng3 Bg6 6. Nf3 Nd7 7. h4 h6 8. Bd3 Bxd3 9. Qxd3 e6 10. Bd2 Qc7 11. 0-0 Ngf6 12. c4 Be7 13. Rfe1 0-0 14. Rac1 Rfe8 15. d5 exd5 16. cxd5 Bc5 17. dxc6 bxc6 18. Be3 Bxe3 19. Rxe3 Qb6 1/2-1/2

[Event "FIN-chT1 East 1213"]
[Site "Finland"]
[Date "2012.10.27"]
[Round "2.7"]
[White "Norri, Roger"]
[Black "Broman, Hannu"]
[Result "1/2-1/2"]
[WhiteElo "1892"]
[BlackElo "1975"]
[PlyCount "44"]
[EventDate "2012.09.29"]
[EventType "team-tourn"]
[EventRounds "7"]
[EventCountry "FIN"]
[SourceTitle "EXT 2019"]
[Source "ChessBase"]
[SourceDate "2018.10.10"]
[SourceVersion "1"]
[SourceVersionDate "2018.10.10"]
[SourceQuality "1"]
[WhiteTeam "Turku TuTS II"]
[BlackTeam "Helsinki SSK"]
[WhiteTeamCountry "FIN"]
[BlackTeamCountry "FIN"]

1. e4 c5 2. Nf3 e6 3. d4 cxd4 4. Nxd4 Nc6 5. c4 d6 6. Be2 Nf6 7. Nc3 a6 8. Be3 Be7 9. 0-0 0-0 10. f4 Bd7 11. Qd2 Nxd4 12. Qxd4 Bc6 13. Rad1 Nd7 14. Rf3 e5 15. Qd2 exf4 16. Bxf4 Ne5 17. Rff1 Qc7 18. Nd5 Bxd5 19. Qxd5 Rad8 20. Rd2 Bf6 21. b3 Rfe8 22. Be3 Qc6 1/2-1/2

[Event "Naantali op"]
[Site "Naantali"]
[Date "2011.07.04"]
[Round "1"]
[White "Norri, Roger"]
[Black "Pohjala, Henri"]
[Result "1/2-1/2"]
[WhiteElo "1884"]
[BlackElo "2241"]
[PlyCount "72"]
[EventDate "2011.07.04"]
[EventType "swiss"]
[EventRounds "9"]
[EventCountry "FIN"]
[SourceTitle "CBM 143 Extra"]
[Source "ChessBase"]
[SourceDate "2011.08.29"]
[SourceVersion "1"]
[SourceVersionDate "2011.08.29"]
[SourceQuality "1"]

1. e4 e5 2. Nf3 Nc6 3. d4 exd4 4. Nxd4 Bc5 5. Be3 Qf6 6. c3 Nge7 7. Bc4 0-0 8. 0-0 a6 9. Nxc6 Qxc6 10. Bxc5 Qxc5 11. Qd4 d6 12. Nd2 b5 13. Bb3 Bb7 14. Rfe1 Qxd4 15. cxd4 c5 16. e5 Nf5 17. dxc5 dxc5 18. Ne4 Bxe4 19. Rxe4 c4 20. Bc2 Rad8 21. Kf1 Rd2 22. Re2 Rxe2 23. Kxe2 Nd4+ 24. Kd2 Rd8 25. Rd1 Nc6+ 26. Ke3 Rxd1 27. Bxd1 Nxe5 28. Be2 f5 29. Kd4 Nd7 30. Bf3 Kf7 31. Bb7 Nb8 32. a4 Ke7 33. axb5 axb5 34. Kc5 Nd7+ 35. Kxb5 Ne5 36. Bd5 Ng4 1/2-1/2

[Event "FIN-ch op"]
[Site "Naantali"]
[Date "2010.07.01"]
[Round "6"]
[White "Kangas, Lauri"]
[Black "Norri, Roger"]
[Result "1/2-1/2"]
[WhiteElo "2046"]
[BlackElo "1903"]
[PlyCount "80"]
[EventDate "2010.06.28"]
[EventType "swiss"]
[EventRounds "9"]
[EventCountry "FIN"]
[SourceTitle "CBM 137 Extra"]
[Source "ChessBase"]
[SourceDate "2010.09.01"]
[SourceVersion "1"]
[SourceVersionDate "2010.09.01"]
[SourceQuality "1"]

1. d4 d5 2. c4 c6 3. Nf3 Nf6 4. Nc3 a6 5. e3 Bg4 6. Qb3 b5 7. cxd5 Bxf3 8. gxf3 cxd5 9. Bd2 e6 10. Rc1 Nbd7 11. Ne2 Rc8 12. Rxc8 Qxc8 13. Ba5 Bd6 14. Bg2 0-0 15. 0-0 Qc4 16. Qxc4 bxc4 17. Rc1 Rb8 18. Rc2 Rb5 19. Bd2 Bb4 20. Nc3 Rb8 21. e4 Nb6 22. Kf1 Kf8 23. Ke2 Ke8 24. e5 Ng8 25. Bh3 h6 26. f4 Ne7 27. Ne4 Bxd2 28. Nd6+ Kf8 29. Kxd2 Nbc8 30. Nxc8 Rxc8 31. b3 Nc6 32. bxc4 Nxd4 33. Rc3 dxc4 34. Bf1 Rb8 35. Bxc4 Rb2+ 36. Ke3 Nb5 37. Rb3 Rc2 38. Bxb5 axb5 39. Rxb5 Rxa2 40. Rb8+ Ke7 1/2-1/2